00345nam a2200109 i 4500001000300000245005000003260002700053040000800080041000800088008004100096856009800137bg 0aKonstrukcje zespolone :bkonferencja naukowa. aZielona Góra,c1986. cBPK apol s pl f |000 0 pol  uhttp://koha.tu.koszalin.pl/cgi-bin/koha/opac-detail.pl?biblionumber=23932yKatalog online BPK